000 00659nam a2200205Ia 4500
003 GCL
008 140319s9999 xx 000 0 ara d
040 _aGCL /
_cGCL
082 0 4 _a398
_bك ع
100 1 _aرشدى صالح
245 1 0 _aعلم الفلكلور /
_cرشدى صالح
700 1 _aكراب, الكزاندرهجرتى
260 _a[S.N] :
_bدار الكتاب العربى للطباعة والنشر ،
_c1967
300 _a555 ص
490 _aالهيئة العامة للاستعلامات
_v0
650 0 4 _aالفولكلور
650 0 4 _aالادب الشعبى
650 0 4 _aالقصص الخرافية
942 _2ddc
_cBK
999 _c53092
_d53092